000 00443nam a22001697a 4500
005 20211105161615.0
008 170220b xxu||||| |||| 00| 0 eng d
020 _a8131514390
040 _c.
082 _a621.815 RAV
100 _aRavindra, A.S.
_983692
245 _aElements of Mechanical Engineering \
_cRavindra, A.S
250 _a8th
260 _aNew Delhi :
_bCengage Learning,
_c2011.
300 _a226 p. ;
942 _2ddc
_cBK
999 _c232532
_d232532